000 00931nam a2200241 a 4500
001 64735
003 BD-RjUL
005 20211209081338.0
008 170219b1999 ii ||||| |||| 00| 0 ben d
020 _c: IRs. 50.00
035 _a(BD-RjUL)64865
040 _aBD-RjUL
_bben
_cBD-RjUL
_dBD-RjUL
041 _aben
082 _223
_a780.954
_bMUH 1999
100 _aমুখোপাধ্যায়, কল্পনা
_9191899
245 1 0 _aহিন্দুস্থানী ও কর্ণাটকী সঙ্গীত সমীক্ষা /
_bকল্পনা মুখোপাধ্যায়
260 _aকলকাতা :
_bপ্রতিভাস,
_c১৯৯৯.
300 _a১০৪ পৃ. ;
_c২৩ সেমি.
504 _aগ্রন্থপঞ্জি সংযুক্ত
650 _aসঙ্গীত
_zভারত
_9183299
650 _aMusic
_zIndia
_9191900
942 _2ddc
_cBK
999 _c64735
_d64735